Hoofdsteden van Zuid-Amerika - Statistieken

Algemene statistieken
  • Deze quiz is 32 keer genomen
  • De gemiddelde score is 10 van 12
Antwoordstatistieken
Land Hoofdstad % Correct
Brazilië Brasilia
94%
Peru Lima
94%
Chili Santiago
94%
Argentinië Buenos Aires
83%
Ecuador Quito
83%
Guyana Georgetown
78%
Bolivia La Paz of Sucre
78%
Uruguay Montevideo
78%
Suriname Paramaribo
78%
Colombia Bogota
72%
Paraguay Asuncion
67%
Venezuela Caracas
67%
Geen overeenkomende quizzen gevonden
Scoreverdeling
Procent van Mensen met Elke Score
Percentiel versus Aantal Correcte Antwoorden
Uw Scoregeschiedenis
U heeft deze quiz nog niet genomen